00618nam a22002173a 450000100060000000300080000600500170001400800410003103500510007204000270012304100080015008200220015810000180018024500660019826000410026430000210030549000200032650400200034665000140036683000200038014657BD-RjUL20211208235652.0140208s1947 xx 000 0 und d a(BD-RjUL)14710aOCLC pks03408384 from D960429K aEQOcEQObengdBD-RjUL aeng04219a650bHOR 19471 aHockin, John.14aThe right way to understand how others get on /cJohn Hockin. aKingswood :bRight Way BOOKS,c1947. a108 p. ;c19 cm.1 aRight way books aIncludes index. 0aright way 0aRight way books